000 00444nam a2200169 a 4500
005 20140310183348.0
008 070329s19uu xx 00 eng d
020 _a0061012351
050 _aPN 1993
_b.C712 1997
100 _aCollins, Jackie
245 _aVendetta :
_blucky's revenge /
_cJackie Collins.
260 _aU.S.A :
_bRegan Books,
_c1997.
300 _a607 p. :
_c18 cm.
650 _aFiction.
942 _cBK
_2lcc
999 _c21990
_d21990